| 000 | 00681nam a2200205 i 4500 | ||
|---|---|---|---|
| 001 | 52090 | ||
| 003 | ES-MaACL | ||
| 005 | 20250316174434.0 | ||
| 007 | t| | ||
| 008 | 030825s1969 sp ||||1| spa d | ||
| 100 | 1 |
_aChomsky, Noam, _d1928- _938607 |
|
| 245 | 1 | 0 |
_aLingüística cartesiana _b: un capítulo de la historia del pensamiento racionalista / _cNoam Chomsky ; versión de Enrique Wulff. |
| 260 |
_aMadrid : _bGredos, _c[1969] |
||
| 300 |
_a158 p. ; _c21 cm. |
||
| 490 | 1 | _aBiblioteca románica hispánica | |
| 700 | 1 |
_aWulff, Enrique. _9117443 |
|
| 830 | 0 |
_aBiblioteca románica hispánica _9180746 |
|
| 852 |
_aES-MaACL _jC-39434 _bR.71181 |
||
| 999 |
_c52090 _d52090 |
||